000 00484nam a2200145 4500
999 _c10086
_d10086
008 180731b ||||| |||| 00| 0 eng d
022 _a2094-8042
082 _aDPer 370.105 M72 Jan-Dec 2011
100 _929778
_adela Cruz, John A.
245 _aThe nine loves of Rizal/
_cJohn A. dela Cruz.
260 _aPhilippines;
_bIn The Grade School, Inc.,
_cc2011.
300 _av59 n9, page 387:
_billustrations;
_c27 cm.
650 0 _929779
_aLove stories
_xJose P. Rizal.
942 _2ddc
_cPER